[Event "Norway Chess Open GM 2024"]
[Site "Stavanger NOR"]
[Date "2024.05.26"]
[Round "4.2"]
[White "Druska, Juraj"]
[Black "Urkedal, Frode Olav Olsen"]
[Result "1/2-1/2"]
[WhiteTitle "IM"]
[BlackTitle "GM"]
[WhiteElo "2466"]
[BlackElo "2560"]
[WhiteFideId "14915650"]
[BlackFideId "1506102"]
[EventDate "2024.05.24"]

1. e4 e5 2. Nf3 Nc6 3. Bb5 a6 4. Ba4 Nf6 5. O-O Be7 6. Re1 b5 7. Bb3 O-O 8. a4
Bb7 9. Nc3 Na5 10. Ba2 b4 11. Nd5 Nxd5 12. Bxd5 c6 13. Ba2 Qc7 14. c3 bxc3 15.
bxc3 c5 16. d4 d6 17. Bd2 c4 18. Bg5 Bxg5 19. Nxg5 Rab8 20. f4 exf4 21. Qh5 h6
22. Nh3 Rbe8 23. Qf5 Bc8 24. Qxf4 Bxh3 25. gxh3 Nb3 26. Rad1 Re6 27. Re3 Qe7 28.
Kh1 f5 29. e5 dxe5 30. dxe5 Qb7+ 31. Kg1 Qc6 32. Bb1 Qc5 33. Kf1 g5 34. Qf3 Rxe5
35. Rxe5 Qxe5 36. Qd5+ Qxd5 37. Rxd5 f4 38. Rd6 Re8 39. Bf5 Re3 40. Rxa6 Rxc3
41. Rxh6 Nd4 42. Be4 Re3 43. Bb1 c3 44. Rg6+ Kf7 45. Rxg5 Kf6 46. Rc5 Rxh3 47.
a5 Rxh2 48. Be4 Ne2 49. Bg2 Ng3+ 50. Kg1 Rh7 51. a6 Ra7 52. Bb7 Ke6 53. Kg2 Nf5
54. Bc8+ Kd6 55. Rxc3 Ne3+ 56. Kf3 Nd5 57. Rd3 Kc5 58. Bb7 Nb4 59. Ra3 Nxa6 1/2-1/2

[Event "Norway Chess Open GM 2024"]
[Site "Stavanger NOR"]
[Date "2024.05.26"]
[Round "4.3"]
[White "Papp, Gabor1"]
[Black "Kvaloy, Aksel Bu"]
[Result "1/2-1/2"]
[WhiteTitle "GM"]
[BlackTitle "IM"]
[WhiteElo "2553"]
[BlackElo "2454"]
[WhiteFideId "718602"]
[BlackFideId "1528815"]
[EventDate "2024.05.24"]

1. e4 c5 2. Nf3 d6 3. d4 cxd4 4. Nxd4 Nf6 5. Nc3 a6 6. Rg1 e5 7. Nb3 Be6 8. g4
d5 9. exd5 Nxd5 10. Nxd5 Qxd5 11. Be3 Nc6 12. c3 O-O-O 13. Qxd5 Bxd5 14. Nd2 Be7
15. a4 h6 16. Bc4 Bg5 17. Ke2 a5 18. Rad1 Bxe3 19. fxe3 Kc7 20. e4 Bxc4+ 21.
Nxc4 b6 22. h4 f6 23. h5 Rxd1 24. Rxd1 Rd8 25. Rxd8 Nxd8 26. Ne3 Kc6 27. Nf5 Ne6
28. Ke3 Kc5 29. Kd3 Nf4+ 30. Kc2 Ne6 31. b3 Kc6 32. Kb2 Kc5 33. Kc1 Kc6 34. Kc2
Kc5 35. Kb2 Kc6 36. b4 axb4 37. cxb4 b5 38. a5 Kc7 39. Kc3 Kc6 40. Kd3 Kb7 41.
Ke3 Kc7 42. Kf2 Kc6 43. Kf3 Kb7 44. Ke2 Kc7 45. Ke3 Kb7 46. Nd6+ Kc6 47. Nc8 Kb7
48. Ne7 Nd4 49. Nd5 Ne6 50. Nc3 Nd4 51. Kd3 Kc6 52. Nd5 Kb7 53. Ne3 Kc7 54. Ng2
Kb7 55. Ne1 Kc7 56. Ke3 Kb7 57. Nd3 Kc7 58. Kf2 Kc6 59. Nc5 Kc7 60. Nd3 1/2-1/2

[Event "Norway Chess Open GM 2024"]
[Site "Stavanger NOR"]
[Date "2024.05.26"]
[Round "4.4"]
[White "Seo, Jung Min"]
[Black "Blomqvist, Erik"]
[Result "1-0"]
[WhiteTitle "IM"]
[BlackTitle "GM"]
[WhiteElo "2451"]
[BlackElo "2527"]
[WhiteFideId "1734687"]
[BlackFideId "1709437"]
[EventDate "2024.05.24"]

1. e4 e5 2. Nf3 Nc6 3. Bb5 a6 4. Ba4 Nf6 5. d3 b5 6. Bb3 Bc5 7. c3 d6 8. Bg5 h6
9. Bh4 Bb6 10. a4 Rb8 11. axb5 axb5 12. Na3 Na7 13. Nc2 Be6 14. Bxe6 fxe6 15.
Nb4 O-O 16. Rxa7 Bxa7 17. Nc6 Qe8 18. Nxb8 Qxb8 19. O-O Bb6 20. b4 Qe8 21. Re1
Nh5 22. d4 exd4 23. Nxd4 e5 24. Nf5 Kh7 25. Bg3 Qf7 26. Qe2 Nf6 27. Qxb5 Nxe4
28. Rxe4 Qxf5 29. Qe2 Ra8 30. h3 Ra3 31. Rc4 Ra1+ 32. Kh2 Qb1 33. Qe4+ Qxe4 34.
Rxe4 g5 35. f3 Bg1+ 36. Kh1 Bd4+ 37. Kh2 Bxc3 38. Rc4 Bd4 39. Rxc7+ Kg6 40. h4
Bg1+ 41. Kh3 Bb6 42. h5+ Kf5 43. Rf7+ Ke6 44. Rh7 g4+ 45. Kxg4 Be3 46. f4 Rb1
47. Rxh6+ Kd5 48. Rf6 Rxb4 49. h6 Rb7 50. Kh5 Ke4 51. fxe5 dxe5 52. Kg6 Bxh6 53.
Kxh6 Rb2 54. Bf2 1-0

[Event "Norway Chess Open GM 2024"]
[Site "Stavanger NOR"]
[Date "2024.05.26"]
[Round "4.5"]
[White "Lovik, Lasse Ostebo"]
[Black "Bazakutsa, Svyatoslav"]
[Result "0-1"]
[WhiteTitle "IM"]
[BlackTitle "IM"]
[WhiteElo "2367"]
[BlackElo "2472"]
[WhiteFideId "1505033"]
[BlackFideId "14198525"]
[EventDate "2024.05.24"]

1. d4 Nf6 2. c4 g6 3. Nc3 Bg7 4. e4 d6 5. Be2 O-O 6. Be3 c5 7. d5 e6 8. Nf3 exd5
9. cxd5 b5 10. e5 dxe5 11. Bxc5 Re8 12. Bxb5 Nbd7 13. Be3 Ng4 14. O-O Nxe3 15.
fxe3 Rb8 16. Kh1 Rf8 17. e4 Nc5 18. Qe2 f5 19. exf5 Bxf5 20. Nxe5 Qe7 21. Rae1
a6 22. d6 Qxd6 23. Bc4+ Be6 24. Nf3 Bxc4 25. Qxc4+ Kh8 26. Ng5 Nd3 27. Rd1 Nxb2
28. Qh4 h6 29. Rde1 Nd3 30. Nce4 Nxe1 31. Nf7+ Rxf7 32. Rxf7 Qd1 33. Rf1 Nf3 34.
Qf2 Rb1 35. Ng3 Nd2 0-1

[Event "Norway Chess Open GM 2024"]
[Site "Stavanger NOR"]
[Date "2024.05.26"]
[Round "4.6"]
[White "Balakrishnan, Praveen"]
[Black "Johansson, Linus"]
[Result "1-0"]
[WhiteTitle "GM"]
[BlackTitle "IM"]
[WhiteElo "2510"]
[BlackElo "2448"]
[WhiteFideId "2064871"]
[BlackFideId "1711113"]
[EventDate "2024.05.24"]

1. Nf3 Nf6 2. c4 e6 3. d4 d5 4. Nc3 Nbd7 5. g3 dxc4 6. Bg2 c6 7. O-O Be7 8. a4
a5 9. e4 O-O 10. Qe2 Nb6 11. Rd1 Bb4 12. Ne5 Nfd7 13. Nxc4 Nxc4 14. Qxc4 e5 15.
d5 Nb6 16. Qe2 c5 17. Nb5 Bd7 18. Be3 Nc8 19. Rac1 Bxb5 20. Qxb5 Nd6 21. Qe2 c4
22. f4 f6 23. Bh3 Nxe4 24. Qxc4 Nd6 25. Qc7 Kh8 26. Qxd8 Raxd8 27. Bb6 Ra8 28.
Be6 Ra6 29. Be3 exf4 30. gxf4 Rd8 31. Kg2 g6 32. Bd4 Ne8 33. Bc8 Kg7 34. Bxb7
Rad6 35. Bc6 Kf7 36. Kf3 g5 37. Bb6 Rb8 38. Ba7 Rc8 39. Be3 gxf4 40. Bxf4 Rdd8
41. Be3 Nd6 42. Bb6 Rg8 43. Bd7 Rxc1 44. Be6+ Kf8 45. Rxc1 Rg6 46. Be3 h5 47.
Rc7 h4 48. Rh7 Nc4 49. Bh6+ Rxh6 50. Rxh6 Nxb2 51. Rxh4 Nxa4 52. d6 Nc5 53. Bf5
Kg8 54. d7 Nb7 55. Re4 Kf7 56. Re8 Be7 57. Be4 1-0

[Event "Norway Chess Open GM 2024"]
[Site "Stavanger NOR"]
[Date "2024.05.26"]
[Round "4.7"]
[White "Elsness, Frode"]
[Black "Grotnes, Nils Ragnar"]
[Result "1-0"]
[WhiteTitle "IM"]
[BlackTitle "FM"]
[WhiteElo "2425"]
[BlackElo "2149"]
[WhiteFideId "1501100"]
[BlackFideId "1500317"]
[EventDate "2024.05.24"]

1. d4 d5 2. c4 e6 3. Nc3 Nf6 4. Nf3 c6 5. Bg5 h6 6. Bh4 dxc4 7. e4 g5 8. Bg3 b5
9. Ne5 Bb7 10. Be2 Nbd7 11. O-O Bg7 12. Nxd7 Nxd7 13. Bd6 Bf8 14. Bxf8 Kxf8 15.
f4 Kg7 16. e5 Qb6 17. Bh5 c5 18. d5 exd5 19. Nxd5 Qe6 20. Ne3 Rad8 21. Bg4 Qc6
22. Bf3 Qb6 23. Nf5+ Kf8 24. Bxb7 Qxb7 25. Qd6+ Kg8 26. Nxh6+ 1-0

[Event "Norway Chess Open GM 2024"]
[Site "Stavanger NOR"]
[Date "2024.05.26"]
[Round "4.8"]
[White "Fiskaaen, Martin Holten"]
[Black "Miezis, Normunds"]
[Result "0-1"]
[BlackTitle "GM"]
[WhiteElo "2116"]
[BlackElo "2424"]
[WhiteFideId "1550233"]
[BlackFideId "11600136"]
[EventDate "2024.05.24"]

1. d4 Nf6 2. c4 e6 3. g3 d5 4. Nf3 Ne4 5. Bg2 Bb4+ 6. Nbd2 O-O 7. O-O Be7 8. Qc2
f5 9. Ne5 Bf6 10. Ndf3 a5 11. b3 Qe7 12. a3 b6 13. Bb2 c5 14. cxd5 exd5 15. Rfd1
Bb7 16. Rac1 Na6 17. e3 Rac8 18. Qe2 Nc7 19. Nd3 Ne6 20. dxc5 bxc5 21. Bxf6 Nxf6
22. Qb2 Ne4 23. Nfe5 Rfd8 24. Rc2 a4 25. b4 c4 26. Nf4 Nc7 27. Nf3 c3 28. Rxc3
Nxc3 29. Qxc3 Nb5 30. Qd3 Nc3 31. Ra1 g5 32. Rc1 Ne4 33. Rxc8 Rxc8 34. Ne2 Qc7
35. Nfd4 Qd7 36. h3 Rc4 37. g4 Ba6 38. b5 Bxb5 39. Qb1 Rc5 40. gxf5 Bxe2 41.
Nxe2 Qxf5 42. f3 Nd6 43. Qb8+ Qf8 44. Qb4 Nf5 45. Qg4 Qf6 46. Qxa4 Qe5 47. Qa8+
Kg7 48. e4 dxe4 49. fxe4 Nh4 50. Qa7+ Qc7 51. Qa4 Rc4 52. Qb3 Rc2 53. Qd3 Ra2
54. Qd4+ Kg6 55. Qe3 Ra1+ 56. Kf2 Qf7+ 57. Kg3 Qf6 58. Kh2 Qe5+ 0-1

[Event "Norway Chess Open GM 2024"]
[Site "Stavanger NOR"]
[Date "2024.05.26"]
[Round "4.9"]
[White "Zylka, Stanislaw"]
[Black "Ostensen, Nicolai Maxime"]
[Result "1/2-1/2"]
[WhiteTitle "IM"]
[BlackTitle "FM"]
[WhiteElo "2396"]
[BlackElo "2234"]
[WhiteFideId "1189654"]
[BlackFideId "1546970"]
[EventDate "2024.05.24"]

1. d4 Nf6 2. Nf3 e6 3. Bg5 d5 4. Nbd2 Nbd7 5. e3 h6 6. Bh4 c5 7. c3 Bd6 8. Bd3
Qc7 9. Rc1 b6 10. c4 Bb7 11. cxd5 exd5 12. O-O O-O 13. dxc5 bxc5 14. Bg3 Bxg3
15. hxg3 Qb6 16. Qa4 Bc6 17. Qa3 a5 18. Nb3 c4 19. Nbd4 Bb7 20. Bf5 Qb4 21. Nc2
Qxa3 22. Nxa3 a4 23. Bxd7 Nxd7 24. e4 dxe4 25. Nd2 Ne5 26. Naxc4 Nd3 27. Rc3
Rfd8 28. Rb1 Bd5 29. Nb6 Bxa2 30. Ra1 Rab8 31. Nxa4 e3 32. fxe3 Nxb2 33. Rxa2
Nxa4 34. Rcc2 Nb6 35. Rab2 1/2-1/2

[Event "Norway Chess Open GM 2024"]
[Site "Stavanger NOR"]
[Date "2024.05.26"]
[Round "4.10"]
[White "Bjerke, Richard"]
[Black "Skytte, Rasmus"]
[Result "0-1"]
[WhiteTitle "FM"]
[BlackTitle "IM"]
[WhiteElo "2044"]
[BlackElo "2358"]
[WhiteFideId "1500252"]
[BlackFideId "1404210"]
[EventDate "2024.05.24"]

1. c4 Nf6 2. Nc3 g6 3. g3 Bg7 4. Bg2 O-O 5. e4 d6 6. Nge2 c5 7. d3 Nc6 8. h3 Ne8
9. O-O Nc7 10. f4 e6 11. Kh2 Rb8 12. Be3 Nd4 13. Rb1 b5 14. Bxd4 cxd4 15. Nxb5
Nxb5 16. cxb5 Rxb5 17. b3 Qa5 18. Rb2 Ba6 19. Rc2 Rc8 20. Rxc8+ Bxc8 21. Qc2 Rc5
22. Qb2 Qb6 23. Rc1 e5 24. Qd2 Bh6 25. Bf1 a5 26. Bg2 Ba6 27. Bf1 Qc7 28. Rxc5
Qxc5 29. Kg2 Qb5 30. Nc1 Qc5 31. Ne2 f5 32. Kh2 exf4 33. gxf4 fxe4 34. dxe4 d3
35. Nc3 Bg7 36. e5 dxe5 37. f5 gxf5 38. Qg5 Qxc3 39. Qd8+ Kf7 40. Qd7+ Kg6 41.
Qe6+ Bf6 42. Qg8+ Kh6 43. Qf8+ Bg7 44. Qd6+ Kh5 45. Qe6 Qd2+ 46. Bg2 Qf4+ 47.
Kh1 d2 48. Qe8+ Kh4 49. Qd8+ Kg3 0-1

[Event "Norway Chess Open GM 2024"]
[Site "Stavanger NOR"]
[Date "2024.05.26"]
[Round "4.11"]
[White "Stanojevic, Ilija"]
[Black "Myagmarsuren, Evsuld"]
[Result "0-1"]
[WhiteTitle "CM"]
[BlackTitle "CM"]
[WhiteElo "2317"]
[BlackElo "2016"]
[WhiteFideId "959995"]
[BlackFideId "1551639"]
[EventDate "2024.05.24"]

1. d4 d5 2. c4 c6 3. Nc3 Nf6 4. e3 e6 5. Nf3 Nbd7 6. Be2 dxc4 7. a4 Bd6 8. Nd2
O-O 9. Nxc4 Bc7 10. b3 Nd5 11. Ne4 N7f6 12. Nxf6+ Qxf6 13. Bb2 b5 14. axb5 cxb5
15. Ne5 Qg5 16. h4 Qe7 17. Qd2 Bd6 18. Nd3 Bb7 19. e4 Nb4 20. Nc5 Bxc5 21. dxc5
Qxc5 22. Rc1 Qe7 23. h5 h6 24. Qc3 e5 25. Qxe5 Qxe5 26. Bxe5 Rfe8 27. Rc5 Bxe4
28. Rh4 Nd3+ 29. Bxd3 Bxd3 30. Kd2 Rad8 31. Kc3 Be2 32. f3 f6 33. Bd4 Rd7 34.
Kb4 Kh7 35. Bc3 Rb7 36. Ka3 Rd7 37. Kb4 Bf1 38. Rg4 Re2 39. g3 Ra2 40. Rc8 a5+
41. Kc5 b4 42. Kc6 Rf7 43. Bd4 Bh3 44. Kb5 Bxg4 45. fxg4 Rd7 46. Bc5 a4 47. g5
hxg5 48. Kc6 axb3 0-1

[Event "Norway Chess Open GM 2024"]
[Site "Stavanger NOR"]
[Date "2024.05.26"]
[Round "4.12"]
[White "Azikri, Gur"]
[Black "Shehzad, Shazil"]
[Result "0-1"]
[BlackTitle "FM"]
[WhiteElo "1948"]
[BlackElo "2314"]
[WhiteFideId "2812738"]
[BlackFideId "1521942"]
[EventDate "2024.05.24"]

1. e4 c5 2. Nf3 d6 3. Bb5+ Nc6 4. O-O Bd7 5. Re1 Nf6 6. c3 a6 7. Bf1 Bg4 8. h3
Bxf3 9. Qxf3 g6 10. a4 Bg7 11. Na3 O-O 12. Nc4 Nd7 13. Qd1 b5 14. Ne3 b4 15. g3
Na5 16. cxb4 cxb4 17. d4 Nc6 18. d5 Na5 19. Rb1 Qb6 20. b3 Rfc8 21. Nc4 Nxc4 22.
Bxc4 Bd4 23. Be3 Bxe3 24. Rxe3 Ne5 25. Be2 Rc5 26. Rc1 a5 27. Kg2 Rac8 28. Rxc5
Qxc5 29. Qd2 Qc2 30. Qxc2 Rxc2 31. Bb5 g5 32. Kf1 Kg7 33. Re2 Rc1+ 34. Kg2 Kf6
35. f4 gxf4 36. gxf4 Ng6 37. Rf2 Rc3 38. Bc4 Nh4+ 39. Kf1 Rxh3 40. e5+ dxe5 41.
fxe5+ Kxe5 42. Rxf7 Rf3+ 43. Rxf3 Nxf3 0-1

[Event "Norway Chess Open GM 2024"]
[Site "Stavanger NOR"]
[Date "2024.05.26"]
[Round "4.13"]
[White "Eliseev, Sergey"]
[Black "Jeyanth, R"]
[Result "1-0"]
[WhiteElo "2292"]
[BlackElo "1808"]
[WhiteFideId "1534734"]
[BlackFideId "25618750"]
[EventDate "2024.05.24"]

1. e4 e5 2. Nf3 Nc6 3. Bb5 Nf6 4. d3 Bc5 5. c3 O-O 6. O-O Re8 7. Bg5 a6 8. Ba4
b5 9. Bb3 Be7 10. a4 Bb7 11. Na3 b4 12. Nc4 h6 13. Ncxe5 Nxe5 14. Nxe5 d5 15.
Bh4 Nxe4 16. Nxf7 Kxf7 17. Bxe7 Rxe7 18. dxe4 Rxe4 19. Qf3+ Ke8 20. Qh5+ Kf8 21.
Rad1 Qf6 22. Rd3 Rae8 23. g3 R8e5 24. Qd1 Qd6 25. Qf3+ Ke7 26. h4 c6 27. Re3 Bc8
28. Rfe1 Bf5 29. Rxe4 Bxe4 30. Qe3 bxc3 31. bxc3 Qf6 32. f3 Rf5 33. fxe4 Rf3 34.
Qa7+ Kd8 35. Qb8+ Kd7 36. exd5 Qxc3 37. dxc6+ Qxc6 38. Be6+ 1-0

[Event "Norway Chess Open GM 2024"]
[Site "Stavanger NOR"]
[Date "2024.05.26"]
[Round "4.14"]
[White "Savitha, Shri B"]
[Black "Hestholm, Gustav"]
[Result "1-0"]
[WhiteTitle "WGM"]
[WhiteElo "2363"]
[BlackElo "2041"]
[WhiteFideId "35061887"]
[BlackFideId "1529153"]
[EventDate "2024.05.24"]

1. e4 c5 2. Nf3 d6 3. d4 cxd4 4. Nxd4 Nf6 5. Nc3 Nc6 6. Bg5 e6 7. Qd3 Bd7 8.
O-O-O a6 9. f4 Be7 10. Nf3 Qc7 11. h3 b5 12. e5 dxe5 13. fxe5 Nb4 14. Qd4 Bc5
15. Qd2 Nfd5 16. Kb1 Nxc3+ 17. Qxc3 Nd5 18. Qe1 O-O 19. Bd3 Nb4 20. Bxh7+ Kxh7
21. Bd2 Be7 22. Bxb4 Bc6 23. Bd6 Qb7 24. Qg3 Rfc8 25. Bxe7 Qxe7 26. Ng5+ Kh6 27.
h4 f6 28. Nh3 Kh7 29. exf6 gxf6 30. Qg4 Be8 31. Nf4 Rc4 32. b3 Qb4 33. Qf3 Rac8
34. a3 Qc5 35. bxc4 bxc4 36. Qc3 Rb8+ 37. Ka2 Ba4 38. Nxe6 Bb3+ 39. cxb3 cxb3+
40. Kb2 Qf2+ 41. Rd2 Qf5 42. Qd3 Qg6 43. Rf1 1-0

[Event "Norway Chess Open GM 2024"]
[Site "Stavanger NOR"]
[Date "2024.05.26"]
[Round "4.15"]
[White "Tomaszewski, Kacper"]
[Black "Klings, Peter"]
[Result "1-0"]
[WhiteTitle "FM"]
[WhiteElo "2300"]
[BlackElo "1992"]
[WhiteFideId "1127373"]
[BlackFideId "4631234"]
[EventDate "2024.05.24"]

1. Nf3 Nf6 2. d4 e6 3. c4 Bb4+ 4. Nc3 O-O 5. Qb3 a5 6. a3 Bxc3+ 7. Qxc3 a4 8. e3
d6 9. Bd3 Nbd7 10. O-O Qe7 11. Bc2 b6 12. Nd2 c5 13. e4 cxd4 14. Qxd4 Bb7 15.
Rd1 e5 16. Qe3 Nc5 17. f3 Qc7 18. Qf2 Ba6 19. Kh1 Qc6 20. Nf1 Bxc4 21. Bg5 Bxf1
22. Qxf1 Ne6 23. Bxf6 Qxc2 24. Be7 Rfc8 25. Bxd6 f6 26. Rab1 Qb3 27. Rd3 Qc2 28.
Bb4 Rd8 29. Rc3 Qd2 30. Rc6 Qd7 31. Rxb6 Rac8 32. Rb5 Qf7 33. Bc3 Nf4 34. Rd1
Qa2 35. g3 Rxd1 36. Qxd1 Rxc3 37. Rb8+ Kf7 38. Rb7+ Kg6 39. gxf4 Rb3 40. Qg1+ 1-0

[Event "Norway Chess Open GM 2024"]
[Site "Stavanger NOR"]
[Date "2024.05.26"]
[Round "4.16"]
[White "Flatebo, Hallvard Haug"]
[Black "Pourkashiyan, Atousa"]
[Result "0-1"]
[BlackTitle "WGM"]
[WhiteElo "1951"]
[BlackElo "2272"]
[WhiteFideId "1530720"]
[BlackFideId "12502014"]
[EventDate "2024.05.24"]

1. d4 Nf6 2. c4 e6 3. Nf3 Bb4+ 4. Bd2 a5 5. a3 Be7 6. Nc3 d5 7. cxd5 exd5 8. Bg5
c6 9. e3 Nbd7 10. Bd3 h6 11. Bh4 O-O 12. O-O Ne4 13. Bxe7 Qxe7 14. Bxe4 dxe4 15.
Nd2 f5 16. f3 exf3 17. Qxf3 Nf6 18. Nc4 Be6 19. Ne5 Qd6 20. Rad1 Rae8 21. h3 Bb3
22. Rc1 Nd7 23. Nxd7 Qxd7 24. Ne2 Bd5 25. Qg3 Be4 26. Rc3 Kh7 27. h4 g5 28. Rc5
Rg8 29. h5 Bd3 30. Qf2 f4 31. Re5 Rxe5 32. dxe5 Qg4 33. Re1 Rf8 34. exf4 gxf4
35. Nd4 Qxh5 36. e6 Qc5 37. Rd1 Be4 38. Nf3 Qxf2+ 39. Kxf2 Bd5 40. Re1 Re8 41.
e7 Kg7 42. Nd4 Kf6 43. Rh1 Kg5 44. Re1 Kf6 45. Rh1 Rxe7 46. Rxh6+ Kg5 47. Rh3
Kg4 48. Rd3 Be4 49. Rd2 Rd7 50. b4 Rd5 51. Nb3 a4 52. Rxd5 axb3 0-1

[Event "Norway Chess Open GM 2024"]
[Site "Stavanger NOR"]
[Date "2024.05.26"]
[Round "4.17"]
[White "Riisem, Oyvind"]
[Black "Stevens, Christian FRA"]
[Result "1/2-1/2"]
[WhiteElo "2203"]
[BlackElo "1936"]
[WhiteFideId "1504673"]
[BlackFideId "649090"]
[EventDate "2024.05.24"]

1. d4 Nf6 2. c4 g6 3. Nc3 Bg7 4. e4 d6 5. Nf3 O-O 6. Be2 e5 7. O-O Nc6 8. d5 Ne7
9. Nd2 Nd7 10. b4 f5 11. a4 a5 12. bxa5 Nc5 13. Ba3 Bh6 14. Bxc5 Bxd2 15. Qxd2
dxc5 16. exf5 gxf5 17. Qe3 Rxa5 18. Qxe5 Ng6 19. Qe3 f4 20. Qd3 Ne5 21. Qe4 Qf6
22. Rfe1 Nf7 23. Bd3 Qg7 24. Kh1 Ra6 25. Nb5 Nd6 26. Qe7 Nxb5 27. cxb5 Rd6 28.
Qxg7+ Kxg7 29. Re7+ Rf7 30. Rxf7+ Kxf7 31. Be4 b6 32. g3 Bb7 33. a5 bxa5 34.
Rxa5 Bxd5 35. Bxd5+ Rxd5 36. Ra7 f3 37. Rxc7+ Kg6 38. h4 Rd1+ 39. Kh2 Rd2 40. g4
Rxf2+ 41. Kg3 Rb2 42. h5+ Kh6 43. Rc6+ Kg7 44. h6+ Kf7 45. Rxc5 f2 46. Kg2 Kg6 1/2-1/2

[Event "Norway Chess Open GM 2024"]
[Site "Stavanger NOR"]
[Date "2024.05.26"]
[Round "4.18"]
[White "Simonsen, David Mindestrommen"]
[Black "Uritsky, Yonathan"]
[Result "0-1"]
[BlackTitle "CM"]
[WhiteElo "1942"]
[BlackElo "2185"]
[WhiteFideId "1565672"]
[BlackFideId "2825651"]
[EventDate "2024.05.24"]

1. e4 c6 2. d4 d5 3. e5 Bf5 4. Nf3 e6 5. Be2 Bg6 6. O-O Ne7 7. Nbd2 c5 8. c4
Nbc6 9. Nb3 cxd4 10. Nbxd4 dxc4 11. Nb5 Nf5 12. Bg5 Qb6 13. Bxc4 h6 14. Bf4 Rd8
15. Qb3 Bc5 16. g4 Nfd4 17. Nbxd4 Nxd4 18. Nxd4 Rxd4 19. Bg3 Rxg4 20. Bb5+ Kf8
21. Rac1 Kg8 22. a4 Bd4 23. Rc8+ Kh7 24. Rxh8+ Kxh8 25. a5 Qxa5 26. Be2 Rg5 27.
h4 Bc2 28. Qxb7 Rxg3+ 29. Kh2 Rg6 30. Qc8+ Kh7 31. Qxc2 Qxe5+ 32. f4 Qf6 33. Kh3
Qf5+ 34. Qxf5 exf5 35. Bc4 Bxb2 36. Bxf7 Rf6 37. Be8 Re6 38. Bd7 Re3+ 39. Kg2
Kg6 40. Rd1 Re4 41. Kf3 Rd4 42. Rxd4 Bxd4 43. Be8+ Kf6 44. h5 a5 45. Bd7 Bc5 46.
Ke2 Bd6 47. Kf3 Ba3 48. Be8 Ke6 49. Bg6 Bc1 50. Be8 Kd5 51. Bd7 Kd4 52. Bxf5 a4
53. Be6 a3 54. f5 Bg5 55. Ke2 Kc3 56. Bf7 Kb2 57. Kd3 a2 58. Bxa2 Kxa2 59. Kc2
Bf6 0-1

[Event "Norway Chess Open GM 2024"]
[Site "Stavanger NOR"]
[Date "2024.05.26"]
[Round "4.19"]
[White "Bech, Havard Eriksen"]
[Black "Torfoss, Sivert Schanche"]
[Result "1/2-1/2"]
[WhiteElo "1898"]
[BlackElo "2059"]
[WhiteFideId "1564684"]
[BlackFideId "1542761"]
[EventDate "2024.05.24"]

1. d4 Nf6 2. c4 e6 3. Nf3 b6 4. g3 Bb4+ 5. Bd2 Be7 6. Bg2 c6 7. Nc3 d5 8. Bf4
O-O 9. cxd5 cxd5 10. O-O Ba6 11. Qa4 Qd7 12. Qb3 Nc6 13. Ne5 Qb7 14. Nxc6 Qxc6
15. Rac1 Bc4 16. Qd1 Qb7 17. b3 Ba6 18. Nxd5 Nxd5 19. Rc7 Qxc7 20. Bxc7 Nxc7 21.
Bxa8 Rxa8 22. Qd2 Nd5 23. Rc1 f5 24. Qb2 Bb7 25. e3 Bd6 26. Qe2 Nf6 27. Qb5 Rd8
28. a4 Nd5 29. Qe2 Nf6 30. Qb5 Nd5 31. Qe2 Nf6 32. Qb5 1/2-1/2

[Event "Norway Chess Open GM 2024"]
[Site "Stavanger NOR"]
[Date "2024.05.26"]
[Round "4.20"]
[White "Martin, Nils"]
[Black "Derlich, Sarah Sima"]
[Result "1-0"]
[WhiteElo "2057"]
[BlackElo "1945"]
[WhiteFideId "45160473"]
[BlackFideId "1469290"]
[EventDate "2024.05.24"]

1. e4 c6 2. d4 d5 3. Nd2 dxe4 4. Nxe4 Bf5 5. Ng3 Bg6 6. Nh3 e6 7. Nf4 Bd6 8. c3
Qc7 9. Qf3 Nf6 10. h4 Nbd7 11. h5 Bc2 12. h6 g6 13. Bd3 Bxd3 14. Nxd3 O-O 15.
Bg5 Nd5 16. Ne4 e5 17. c4 Nf4 18. O-O f6 19. Bxf4 exf4 20. Nxd6 Qxd6 21. Qxf4
Qxf4 22. Nxf4 Rfe8 23. Rfe1 Kf7 24. g4 g5 25. Nh5 Nb6 26. b3 Rad8 27. Rxe8 Rxe8
28. Ng3 Nc8 29. Kf1 Rd8 30. Rd1 Ne7 31. Ke2 Ng6 32. Nf5 Ne7 33. Kd3 Nxf5 34.
gxf5 c5 35. Kc3 Rd7 36. Rd2 Rd8 37. dxc5 Rxd2 38. Kxd2 Ke7 39. Ke3 Kd7 40. Kd4
Kc6 41. b4 a6 42. a4 a5 43. b5+ Kc7 44. f3 Kd8 45. Kd5 Kd7 46. b6 g4 47. fxg4
Kc8 48. Ke6 1-0

[Event "Norway Chess Open GM 2024"]
[Site "Stavanger NOR"]
[Date "2024.05.26"]
[Round "4.21"]
[White "Frederic, Clement"]
[Black "Haugen, Lars Tormod"]
[Result "1-0"]
[WhiteElo "2251"]
[BlackElo "1961"]
[WhiteFideId "637319"]
[BlackFideId "1559966"]
[EventDate "2024.05.24"]

1. e4 c5 2. Nf3 g6 3. c3 Bg7 4. d4 cxd4 5. cxd4 d5 6. e5 a6 7. h3 Nc6 8. Nc3 f6
9. exf6 Nxf6 10. Be3 O-O 11. Bd3 Nh5 12. Qb3 e6 13. Ne2 Qd6 14. a3 Kh8 15. Qb6
Bd7 16. O-O-O Rac8 17. Kb1 Qc7 18. Qxc7 Rxc7 19. Rhe1 Kg8 20. Rc1 Rcc8 21. Rc5
Rfe8 22. g4 Nf6 23. Ng3 Bf8 24. Rc2 Kg7 25. Bf4 Ng8 26. Rce2 h6 27. Ne5 Nxe5 28.
Bxe5+ Kf7 29. Re3 Bg7 30. Rf3+ Bf6 31. h4 Kg7 32. Rxf6 Nxf6 33. g5 hxg5 34. hxg5
Rf8 35. Rh1 Bb5 36. Bxf6+ Rxf6 37. gxf6+ Kxf6 38. Bxb5 axb5 39. Rh7 b6 40. Ne2
b4 41. axb4 Rc4 42. b3 Rxb4 43. Kc2 e5 44. Kc3 Rb5 45. b4 1-0

[Event "Norway Chess Open GM 2024"]
[Site "Stavanger NOR"]
[Date "2024.05.26"]
[Round "4.22"]
[White "Dammann, Jorn"]
[Black "Bezo, Stefan"]
[Result "1-0"]
[WhiteElo "1953"]
[BlackElo "2065"]
[WhiteFideId "30937124"]
[BlackFideId "14907682"]
[EventDate "2024.05.24"]

1. e4 e5 2. Nf3 Nf6 3. Nxe5 d6 4. Nf3 Nxe4 5. Nc3 Nxc3 6. dxc3 Be7 7. Be3 O-O 8.
Qd2 Nc6 9. O-O-O a5 10. Bd3 Ne5 11. Be4 Nc4 12. Bxh7+ Kxh7 13. Qd3+ Kg8 14. Qxc4
Be6 15. Qa4 c6 16. Nd4 Bd5 17. Nf5 Bf6 18. c4 b5 19. cxb5 cxb5 20. Qg4 Be6 21.
Qf3 Be5 22. Kb1 Qc7 23. Qc6 Rfc8 24. Qxc7 Rxc7 25. Nxd6 b4 26. Nb5 Rc4 27. Nd4
Rac8 28. Nxe6 fxe6 29. Rd2 1-0

[Event "Norway Chess Open GM 2024"]
[Site "Stavanger NOR"]
[Date "2024.05.26"]
[Round "4.23"]
[White "Gasland, Lukas Dominik"]
[Black "Lilliehook, Victor"]
[Result "1/2-1/2"]
[WhiteElo "2063"]
[BlackElo "1928"]
[WhiteFideId "1557882"]
[BlackFideId "1752103"]
[EventDate "2024.05.24"]

1. c4 Nf6 2. Nc3 e6 3. d4 Bb4 4. e3 d5 5. Qa4+ Nc6 6. Nf3 O-O 7. Bd3 Bd7 8. Qc2
Bd6 9. a3 dxc4 10. Bxc4 e5 11. d5 Ne7 12. e4 h6 13. h3 c6 14. dxc6 Bxc6 15. O-O
Rc8 16. Rd1 Qc7 17. Be3 Rfd8 18. Qb3 Be8 19. Bb5 a6 20. Bxe8 Rxe8 21. Rac1 Qb8
22. Bb6 Bc5 23. Bxc5 Rxc5 24. Qb6 Rc6 25. Qa5 Ng6 26. g3 Rec8 27. Qb4 1/2-1/2